The Essex guide to environmental impact assessment (Record no. 105895)

MARC details
000 -LEADER
fixed length control field 01008cam a2200241 4500
001 - CONTROL NUMBER
control field ##L135057
008 - FIXED-LENGTH DATA ELEMENTS--GENERAL INFORMATION
fixed length control field 060921n2005 000 0 eng u
020 ## - INTERNATIONAL STANDARD BOOK NUMBER
International Standard Book Number 1852811951
035 ## - SYSTEM CONTROL NUMBER
System control number (Sirsi) u135057
041 0# - LANGUAGE CODE
Language code of text/sound track or separate title eng
050 04 - LIBRARY OF CONGRESS CALL NUMBER
Classification number 711.1 $2 18
100 1# - MAIN ENTRY--PERSONAL NAME
Personal name Hakes, Peter
245 04 - TITLE STATEMENT
Title The Essex guide to environmental impact assessment
250 ## - EDITION STATEMENT
Edition statement 6th ed.
260 ## - PUBLICATION, DISTRIBUTION, ETC.
Place of publication, distribution, etc. [Chelmsford]
Name of publisher, distributor, etc. Essex County Council
Date of publication, distribution, etc. 2005
300 ## - PHYSICAL DESCRIPTION
Extent x, [228]p.
Dimensions 30cm.
350 ## - PRICE (NR) (BK AM CF MU VM SE) [OBSOLETE]
Price 30
520 ## - SUMMARY, ETC.
Summary, etc. Aimed at developers, planning officers, the general public and students, this publication offers guidance on all aspects of Environmental Impact Assessment (EIA). Looks at what EIA involves, when it is required, the regulations affecting EIA, the preparation of an environmental statement, and the relationship with the planning system.
590 ## - LOCAL NOTE (RLIN)
Local note IKA031006
651 #4 - SUBJECT ADDED ENTRY--GEOGRAPHIC NAME
Geographic name England and Wales
Chronological subdivision 1543-
690 ## - LOCAL SUBJECT ADDED ENTRY--TOPICAL TERM (OCLC, RLIN)
Topical term or geographic name as entry element ENVIRONMENTAL AND LAND CONSULTANCY-ENVIRONMENTAL MANAGEMENT-ENVIRONMENTAL ASSESSMENT
942 ## - ADDED ENTRY ELEMENTS (KOHA)
Suppress in OPAC 0
Holdings
Withdrawn status Lost status Source of classification or shelving scheme Damaged status Not for loan Home library Current library Shelving location Date acquired Total Checkouts Full call number Barcode Date last seen Copy number Price effective from Koha item type
    Dewey Decimal Classification     London London Folio 22/09/2006   F711.1 HAK 30073294 06/08/2019 1 06/08/2019 Book